LEADER 01186nam a22002651i 4500 001 991003632069707536 005 20040519162729.0 008 040802s1935 fr a||||||||||||||||fre 035 $ab13103507-39ule_inst 035 $aARCHE-105611$9ExL 040 $aBiblioteca Interfacoltà$bita$cA.t.i. Arché s.c.r.l. Pandora Sicilia s.r.l. 082 04$a842.0523 100 1 $aFrappier, Jean$0131706 245 13$aLe théatre comique au moyen age :$btextes et traductions, avec une notice historique et littéraire, des notes explicatives, des jugements, des questionnaires et des sujets de devoirs /$cpar Jean Frappier et A. M. Gossart 260 $aParis :$bLarousse,$cstampa 1935 300 $a122 p., 3 c. di tav. :$bill. ;$c17 cm 440 0$aClassiques Larousse 650 4$aCommedia francese$xMedioevo 700 1 $aGossart, André Marie 907 $a.b13103507$b02-04-14$c05-08-04 912 $a991003632069707536 945 $aLE002 Fondo Giudici Busta 44/005$g1$i2002000311207$lle002$nC. 1$o-$pE0.00$q-$rn$so $t0$u0$v0$w0$x0$y.i1373782x$z05-08-04 996 $aThéatre comique au moyen age$9307103 997 $aUNISALENTO 998 $ale002$b05-08-04$cm$da $e-$ffre$gfr $h3$i1 LEADER 01251nas 2200457 c 450 001 9910890841303321 005 20260218110412.0 035 $a(CKB)1000000000260897 035 $a(OCoLC)644142644 035 $a(DE-101)992541611 035 $a(DE-599)ZDB2478380-8 035 $a(DE-599)2478380-8 035 $a(EXLCZ)991000000000260897 100 $a20090206a19689999 |y | 101 0 $ager 135 $aur||||||||||| 181 $ctxt$2rdacontent 182 $cc$2rdamedia 183 $acr$2rdacarrier 200 00$aSauerland$eZeitschrift des Sauerländer Heimatbundes 210 31$aMeschede$d1968- 215 $aOnline-Ressource 311 08$a0177-8110 606 $aHeimatkunde$3(DE-588)4127794-6$3https://d-nb.info/gnd/4127794-6$3(DE-101)041277945$2gnd 607 $aSauerland$2gnd 608 $aZeitschrift$2gnd-content 608 $aZeitschrift$2gnd 608 $aOnline-Publikation$2gnd 615 7$aHeimatkunde. 676 $a060 676 $a914.3 676 $a943 686 $a14$a102000$2nwbib 712 02$aSauerla?nder Heimatbund$4isb 801 0$b0466 801 1$bDE-101 801 2$b0061 906 $aJOURNAL 912 $a9910890841303321 996 $aSauerland$94237466 997 $aUNINA